MARC details
| 000 -CABECERA |
| campo de control de longitud fija |
01718nam a2200361 i 4500 |
| 003 - IDENTIFICADOR DEL NÚMERO DE CONTROL |
| campo de control |
DO-SdBNP |
| 005 - FECHA Y HORA DE LA ÚLTIMA TRANSACCIÓN |
| campo de control |
20240311152126.0 |
| 007 - CAMPO FIJO DE DESCRIPCIÓN FÍSICA--INFORMACIÓN GENERAL |
| campo de control de longitud fija |
ta |
| 008 - DATOS DE LONGITUD FIJA--INFORMACIÓN GENERAL |
| campo de control de longitud fija |
240311s2000 dr abc 000 0 spa d |
| 020 ## - NÚMERO INTERNACIONAL ESTÁNDAR DEL LIBRO |
| Número Internacional Estándar del Libro |
8482612328 |
| 040 ## - FUENTE DE LA CATALOGACIÓN |
| Centro catalogador/agencia de origen |
DO-SdBNP |
| Lengua de catalogación |
spa |
| Centro/agencia transcriptor |
BNPHU |
| Normas de descripción |
rda |
| 082 #4 - NÚMERO DE LA CLASIFICACIÓN DECIMAL DEWEY |
| Número de edición |
22 |
| Número de documento/Ítem |
C355 |
| 100 ## - ENTRADA PRINCIPAL--NOMBRE DE PERSONA |
| Nombre de persona |
Castro Catrain, Margarita |
| 9 (RLIN) |
29221 |
| Término indicativo de función/relación |
autora |
| 245 10 - MENCIÓN DE TÍTULO |
| Título |
Sociedad 4 : |
| Resto del título |
educación básica / |
| Mención de responsabilidad, etc. |
Margarita Castro Catrain, María R. de la Cruz ; dirección editorial, Obdulia García de Escobar ; ilustración, Ruddy Núñez ; fotografías Carlos Diez Polanco, Héctor Gálvez, Ricardo Briones |
| 264 #1 - PRODUCCIÓN, PUBLICACIÓN, DISTRIBUCIÓN, FABRICACIÓN Y COPYRIGHT |
| Producción, publicación, distribución, fabricación y copyright |
Santo Domingo : |
| Nombre del de productor, editor, distribuidor, fabricante |
Santillana, |
| Fecha de producción, publicación, distribución, fabricación o copyright |
2000. |
| 300 ## - DESCRIPCIÓN FÍSICA |
| Extensión |
2 tomos |
| Otras características físicas |
ilustraciones, mapas, retratos |
| Dimensiones |
28 cm. |
| 336 ## - TIPO DE CONTENIDO |
| Fuente |
rdacontent |
| Término de tipo de contenido |
texto |
| Código de tipo de contenido |
txt |
| 337 ## - TIPO DE MEDIO |
| Fuente |
rdamedia |
| Nombre/término del tipo de medio |
sin mediación |
| Código del tipo de medio |
n |
| 338 ## - TIPO DE SOPORTE |
| Fuente |
rdacarrier |
| Nombre/término del tipo de soporte |
volumen |
| Código del tipo de soporte |
nc |
| 490 ## - MENCIÓN DE SERIE |
| Mención de serie |
Umbral |
| 500 ## - NOTA GENERAL |
| Nota general |
Educación básica. |
| 500 ## - NOTA GENERAL |
| Nota general |
La biblioteca posee el libro de texto y el álbum de sociedad. |
| 505 0# - NOTA DE CONTENIDO CON FORMATO |
| Título |
Nuestro planeta -- |
| -- |
Los medios naturales y la acción humana -- |
| -- |
La República Dominicana -- |
| -- |
Los indígenas de Santo Domingo -- |
| -- |
El descubrimiento de América -- |
| -- |
La colonia de Santo Domingo -- |
| -- |
La división de la isla en dos colonias -- |
| -- |
La República Dominicana independiente -- |
| -- |
Antes... y ahora -- |
| -- |
Glosario / |
| 590 ## - NOTA LOCAL (RLIN) |
| Nota local |
Inventariado, 2024/ YL |
| 700 1# - PUNTO DE ACCESO ADICIONAL--NOMBRE DE PERSONA |
| Nombre de persona |
Cruz, María R. de la |
| Término indicativo de función/relación |
autora |
| 9 (RLIN) |
85012 |
| 700 1# - PUNTO DE ACCESO ADICIONAL--NOMBRE DE PERSONA |
| Nombre de persona |
García Escobar, Obdulia, |
| Término indicativo de función/relación |
dirección editorial |
| 9 (RLIN) |
29560 |
| 700 1# - PUNTO DE ACCESO ADICIONAL--NOMBRE DE PERSONA |
| Nombre de persona |
Núñez, Ruddy, |
| Término indicativo de función/relación |
ilustraciones |
| 9 (RLIN) |
23171 |
| 700 1# - PUNTO DE ACCESO ADICIONAL--NOMBRE DE PERSONA |
| Nombre de persona |
Diez Polanco, Carlos |
| Término indicativo de función/relación |
fotografías |
| 9 (RLIN) |
29828 |
| 700 1# - PUNTO DE ACCESO ADICIONAL--NOMBRE DE PERSONA |
| Nombre de persona |
Gálvez, Héctor |
| Término indicativo de función/relación |
fotografías |
| 9 (RLIN) |
85002 |
| 700 1# - PUNTO DE ACCESO ADICIONAL--NOMBRE DE PERSONA |
| Nombre de persona |
Briones, Ricardo |
| Término indicativo de función/relación |
fotografías |
| 9 (RLIN) |
29826 |
| 910 ## - DATOS DE OPCIÓN DEL USUARIO (OCLC) |
| Datos de opción del usuario |
YLockward |
| 942 ## - ELEMENTOS DE PUNTO DE ACCESO ADICIONAL (KOHA) |
| Fuente del sistema de clasificación o colocación |
Dewey Decimal Classification |
| Tipo de ítem Koha |
Libro |